| 000 | 00608nam a2200217 a 4500 | ||
|---|---|---|---|
| 001 | 000028292 | ||
| 003 | DO-SdBNP | ||
| 005 | 20240305141307.0 | ||
| 007 | ta | ||
| 008 | 110407s19uu dr 000 p spa d | ||
| 040 |
_aDO-SdBNP _bspa _cBNPHU |
||
| 082 |
_axxx _bS211M |
||
| 100 | 1 |
_aSánchez Lamouth, Juan, _d1929-1968 _920547 |
|
| 245 | 1 | 0 |
_aMauricio Báez : _blíder asesinado / _cJuan Sánchez Lamouth. |
| 260 |
_aSanto Domingo _fImprenta Hernández _c[19--?]. |
||
| 300 |
_a26 p. ; _c24 cm. |
||
| 490 | 1 | _aTierra y Arado | |
| 590 | _aInventariado, 2022/ YL | ||
| 910 | _aYLockward | ||
| 942 |
_2ddc _cLF2 |
||
| 999 |
_c27784 _d27784 |
||